| 000 | 00599nam a2200217 i 4500 | ||
|---|---|---|---|
| 001 | bg | ||
| 100 | 1 | _aMURAWSKI, Krzysztof | |
| 245 | 1 | 0 |
_aFizyka : _bpodstawowe definicje i pojęcia / _cKrzysztof Murawski ; Politechnika Lubelska. |
| 260 |
_aLublin : _bWydaw. PL, _c1999. |
||
| 300 |
_a103 s. : _brys., wykr. ; _c24 cm. |
||
| 650 | 9 | _aFizyka | |
| 655 | _aPodręczniki akademickie | ||
| 710 | 0 | _aPolitechnika Lubelska | |
| 020 | _a8387270644 | ||
| 040 | _cBPK | ||
| 041 | 0 | _apl | |
| 080 | _a53(075.8) | ||
| 920 | _a83-87270-64-4 | ||
| 942 | _cKS | ||
| 008 | s pl f |000 0 pol | ||
| 999 |
_c38469 _d38469 |
||
| 856 |
_uhttp://koha.tu.koszalin.pl/cgi-bin/koha/opac-detail.pl?biblionumber=38469 _yKatalog online BPK |
||